[Event "GER-ch 2014-C email"]
[Site "GER email"]
[Date "2016.11.28"]
[Round "?"]
[White "Bergner, Martin"]
[Black "Just, Joachim"]
[Result "1/2-1/2"]
[WhiteElo "2179"]
[BlackElo "2171"]
[PlyCount "122"]
[EventDate "2016.??.??"]
[EventType "tourn (corr)"]
[EventRounds "12"]
[EventCountry "GER"]
[SourceTitle "Corr 2020"]
[Source "ChessBase"]
[SourceDate "2019.09.30"]
[SourceVersion "1"]
[SourceVersionDate "2019.09.30"]
[SourceQuality "1"]

1. e4 e5 2. Nf3 Nc6 3. Bb5 Nf6 4. 0-0 Nxe4 5. d4 Nd6 6. Bxc6 dxc6 7. dxe5 Nf5 8. Qxd8+ Kxd8 9. Rd1+ Ke8 10. Nc3 Ne7 11. h3 Ng6 12. Be3 h6 13. a4 Be6 14. b3 Bb4 15. Na2 Be7 16. Nc3 Bb4 17. Na2 Be7 18. Nd4 Bc8 19. f4 Nh4 20. Bf2 Ng6 21. Bg3 h5 22. Nc3 h4 23. Bh2 Nf8 24. Ne4 Rh5 25. a5 a6 26. Ra2 Bd7 27. c4 Rd8 28. Rad2 Bc8 29. Kh1 c5 30. Ne2 Rxd2 31. Rxd2 Bf5 32. N4c3 Bh7 33. Nd5 Bd8 34. Bg1 Nd7 35. Nec3 c6 36. Nb6 Nxb6 37. axb6 g5 38. Na4 gxf4 39. Nxc5 Bxb6 40. Nd7 Bd8 41. Bb6 Rh6 42. Bxd8 Kxd8 43. Nf6+ Kc8 44. Rf2 Bf5 45. Rxf4 Be6 46. g4 hxg3 47. h4 b5 48. cxb5 cxb5 49. b4 a5 50. bxa5 Kb7 51. h5 Ka6 52. Kg2 Kxa5 53. Kxg3 b4 54. Rf2 b3 55. Kf4 Rh8 56. Kg5 Ka4 57. h6 Ka3 58. h7 b2 59. Rxb2 Kxb2 60. Kh6 Kc3 61. Kg7 Rxh7+ 1/2-1/2

[Event "GER-ch 2014-C email"]
[Site "GER email"]
[Date "2016.11.28"]
[Round "?"]
[White "Bergner, Martin"]
[Black "Klapp, Herwig"]
[Result "1/2-1/2"]
[WhiteElo "2179"]
[BlackElo "2260"]
[PlyCount "66"]
[EventDate "2016.??.??"]
[EventType "tourn (corr)"]
[EventRounds "12"]
[EventCountry "GER"]
[SourceTitle "Corr 2017"]
[Source "ChessBase"]
[SourceDate "2017.09.19"]
[SourceVersion "1"]
[SourceVersionDate "2017.09.19"]
[SourceQuality "1"]

1. e4 e5 2. Nf3 Nf6 3. Nxe5 d6 4. Nf3 Nxe4 5. d4 d5 6. Bd3 Nc6 7. 0-0 Be7 8. c4 Nb4 9. cxd5 Nxd3 10. Qxd3 Qxd5 11. Re1 Bf5 12. g4 Bg6 13. Nc3 Nxc3 14. Qxc3 f6 15. Nh4 Kd7 16. Bf4 Rac8 17. Qd2 Bd6 18. Bxd6 Qxd6 19. h3 Rce8 20. Qa5 Qb6 21. Qd5+ Kc8 22. Nxg6 hxg6 23. Rxe8+ Rxe8 24. Qf7 Rd8 25. Re1 Qxb2 26. Qxg7 Qd2 27. Re3 f5 28. Qxg6 fxg4 29. hxg4 Qxa2 30. Qf6 Rg8 31. Kh2 b6 32. Kg3 a5 33. Qc6 Kb8 1/2-1/2

[Event "GER-ch 2014-C email"]
[Site "GER email"]
[Date "2016.11.28"]
[Round "?"]
[White "Bergner, Martin"]
[Black "Lelgemann, Ludwig"]
[Result "1-0"]
[WhiteElo "2179"]
[BlackElo "2198"]
[PlyCount "73"]
[EventDate "2016.??.??"]
[EventType "tourn (corr)"]
[EventRounds "12"]
[EventCountry "GER"]
[SourceTitle "Corr 2020"]
[Source "ChessBase"]
[SourceDate "2019.09.30"]
[SourceVersion "1"]
[SourceVersionDate "2019.09.30"]
[SourceQuality "1"]

1. e4 e5 2. Nf3 Nc6 3. Bb5 a6 4. Bxc6 dxc6 5. 0-0 f6 6. d4 Bg4 7. c3 Bd6 8. Be3 Qe7 9. Nbd2 0-0-0 10. h3 Bh5 11. dxe5 fxe5 12. Qb1 Nf6 13. b4 c5 14. b5 axb5 15. a4 b4 16. a5 bxc3 17. a6 b6 18. Nc4 Bg6 19. a7 Kb7 20. Qb5 Bxe4 21. Ra6 Qe8 22. Nxd6+ Rxd6 23. a8Q+ Qxa8 24. Rxa8 Rxa8 25. Rc1 c2 26. Kh2 Rd1 27. Qb2 Ra4 28. Ng5 Rb4 29. Qa2 Rxc1 30. Nxe4 Re1 31. Nxf6 Rxe3 32. Qxc2 Ra3 33. Nxh7 Rab3 34. Qd1 Rb2 35. Qd5+ Ka6 36. Qxe5 Rxf2 37. Qxg7 1-0

[Event "GER-ch 2014-C email"]
[Site "GER email"]
[Date "2016.11.28"]
[Round "?"]
[White "Jacob, Peter"]
[Black "Bergner, Martin"]
[Result "1/2-1/2"]
[WhiteElo "2298"]
[BlackElo "2179"]
[PlyCount "104"]
[EventDate "2016.??.??"]
[EventType "tourn (corr)"]
[EventRounds "12"]
[EventCountry "GER"]
[SourceTitle "Corr 2020"]
[Source "ChessBase"]
[SourceDate "2019.09.30"]
[SourceVersion "1"]
[SourceVersionDate "2019.09.30"]
[SourceQuality "1"]

1. d4 Nf6 2. c4 e6 3. Nf3 b6 4. g3 Bb7 5. Bg2 c5 6. d5 exd5 7. Nh4 g6 8. Nc3 Bg7 9. 0-0 d6 10. cxd5 0-0 11. Nf3 Re8 12. Nd2 Nbd7 13. h3 a6 14. a4 Rc8 15. Nc4 Ne5 16. Na3 Nh5 17. Re1 c4 18. Be3 f5 19. Rc1 Nf6 20. Kh1 h5 21. Qd2 Qe7 22. Rcd1 Ba8 23. Kg1 Kh7 24. Bxb6 Qf8 25. Ba7 h4 26. gxh4 Nh5 27. Be3 Rb8 28. Rb1 Rb3 29. Rbc1 Rc8 30. Rc2 Bb7 31. Qd1 Qf7 32. Bg5 Ba8 33. Qd2 f4 34. Qd1 Rb4 35. a5 Qf5 36. Qd2 Rb3 37. Rec1 Rc7 38. Nab1 Bb7 39. Re1 Bc8 40. f3 Nf7 41. Ne4 Nxg5 42. Nxg5+ Kh6 43. Nc3 Qe5 44. e4 fxe3 45. Rxe3 Qd4 46. Bf1 Be5 47. Ne6 Bxe6 48. dxe6 Ng7 49. Qf2 Nxe6 50. Kh1 Rcb7 51. Ree2 Kh7 52. Rcd2 Qf4 1/2-1/2